<The> possibilities of further development of algorithms for solving the uncapacitated facility location problem

Gespeichert in:
Bibliographische Detailangaben
1. Verfasser: Buzna, Ľuboš
Format: Buchkapitel
Sprache:Englisch
Schlagworte:
Tags: Tag hinzufügen
Keine Tags, Fügen Sie das erste Tag hinzu!

MARC

LEADER 00000naa$a2200000$$$4500
001 0021926
005 20221128113310.0
041 0 |a eng 
044 |a SK 
245 1 0 |a <The> possibilities of further development of algorithms for solving the uncapacitated facility location problem  |c Ľuboš Buzna 
610 2 0 |a služby verejné 
610 2 0 |a služby 
610 2 0 |a lokalizácia 
610 2 0 |a supermarkety 
610 2 0 |a úrady 
610 2 0 |a nemocnice 
610 2 0 |a budovy 
610 2 0 |a algoritmy 
100 1 |a Buzna, Ľuboš